Language Quiz

Random Language or Letter Quiz

Drop the Alphabet Quiz Stats

 Plays Quiz Updated Jul 28, 2018

Score 0/26 Timer 05:00
0 Plays Today
% Correct
FJORD
92.4%
SKUNK
91.2%
AMBLE
91.1%
RABID
91%
OWNED
90.9%
CHIEF
89.6%
CHASE
89.5%
ROQUE
89.2%
SOLVE
88.9%
SCARF
88.7%
PASTA
88.6%
TEMPO
88.5%
QUILT
88.4%
% Correct
CODEX
88.3%
YAWED
88.3%
SPITZ
88.1%
BOGUS
87.4%
SHRED
87%
REIGN
86.9%
BOTCH
86%
EXIST
86%
DEWAR
85.7%
SEIZE
85.1%
REPEL
85%
PADRE
84.6%
TOUCH
83.7%

You're not logged in!

Compare scores with friends on all Sporcle quizzes.
OR
Log In

Sporcle TV

Today on Sporcle TV


Watch our educational content, quiz creation guides, and fun videos on Sporcle TV.

Show Comments

Extras

Top Quizzes Today


Score Distribution

Your Account Isn't Verified!

In order to create a playlist on Sporcle, you need to verify the email address you used during registration. Go to your Sporcle Settings to finish the process.

Report this User

Report this user for behavior that violates our Community Guidelines.

Details: